000 00746nam a2200241 i 4500
001 C2-0303401
003 PPAK
005 20180728084321.0
008 100323s2008 my a|||| ||||| | may d
020 _a9789836298638
040 _aPPAK
_beng
_cPPAK
_erda
082 0 4 _a616.2
_223
090 0 0 _a616.2
_bAMI
_dG
100 0 _aAminah Hashim,
_eauthor
245 1 0 _aPanduan kejururawatan :
_bpenjagaan pesakit yang mengalami gangguan sistem pernafasan
264 1 _aKuala Lumpur :
_bDewan Bahasa dan Pustaka ,
_c2008
300 _ax, 214 pages :
_bcolour illustrations ;
_c24 cm
336 _2rdacontent
_atext
337 _2rdamedia
_aunmediated
338 _2rdacarrier
_avolume
650 1 0 _aRespiratory intensive care.
942 _ddc
_cB
999 _c106684
_d106684